For the Rights of Palestinians : (Record no. 3543)
[ view plain ]
| 000 -LEADER | |
|---|---|
| fixed length control field | 00956nac a22002411u 4500 |
| 008 - FIXED-LENGTH DATA ELEMENTS--GENERAL INFORMATION | |
| fixed length control field | 101010t xxu||||| |||| 00| 0 eng d |
| 010 ## - LIBRARY OF CONGRESS CONTROL NUMBER | |
| LC control number | 89125021 |
| 082 00 - DEWEY DECIMAL CLASSIFICATION NUMBER | |
| Classification number | 323.119274 |
| Item number | FOR |
| Edition number | 22 |
| 110 ## - MAIN ENTRY--CORPORATE NAME | |
| Corporate name or jurisdiction name as entry element | United Nations |
| 245 00 - TITLE STATEMENT | |
| Title | For the Rights of Palestinians : |
| Remainder of title | Work of the Committee on the Exercise of the Inalienable Rights of the Palestinian People / |
| Statement of responsibility, etc | United Nations |
| 260 ## - PUBLICATION, DISTRIBUTION, ETC. (IMPRINT) | |
| Place of publication, distribution, etc | [New York] : |
| Name of publisher, distributor, etc | United Nations, |
| Date of publication, distribution, etc | [1988] |
| 300 ## - PHYSICAL DESCRIPTION | |
| Extent | 22 p. : |
| Other physical details | ill. ; |
| Dimensions | 23 cm. |
| 500 ## - GENERAL NOTE | |
| General note | Cover title. |
| 500 ## - GENERAL NOTE | |
| General note | Donations. |
| 500 ## - GENERAL NOTE | |
| General note | Donations - Bibliotheca Alexandrina. |
| 610 ## - SUBJECT ADDED ENTRY--CORPORATE NAME | |
| 9 (RLIN) | 20222 |
| Corporate name or jurisdiction name as entry element | United Nations |
| Subordinate unit | Committee on the Exercise of the Inalienable Rights of the Palestinian People |
| 610 ## - SUBJECT ADDED ENTRY--CORPORATE NAME | |
| 9 (RLIN) | 20223 |
| Corporate name or jurisdiction name as entry element | United Nations |
| Geographic subdivision | Palestine |
| 650 #0 - SUBJECT ADDED ENTRY--TOPICAL TERM | |
| Topical term or geographic name as entry element | Human rights |
| Geographic subdivision | Israel. |
| 9 (RLIN) | 20225 |
| Source of heading or term | BUEsh |
| 650 #0 - SUBJECT ADDED ENTRY--TOPICAL TERM | |
| Topical term or geographic name as entry element | Palestinian Arabs |
| General subdivision | Civil rights |
| Geographic subdivision | Israel. |
| 9 (RLIN) | 20226 |
| Source of heading or term | BUEsh |
| 651 ## - SUBJECT ADDED ENTRY--GEOGRAPHIC NAME | |
| Source of heading or term | BUEsh |
| 710 2# - ADDED ENTRY--CORPORATE NAME | |
| Corporate name or jurisdiction name as entry element | United Nations. |
| 9 (RLIN) | 20227 |
| 942 ## - ADDED ENTRY ELEMENTS (KOHA) | |
| Item type | Book - Borrowing |
| Call number prefix | 323.119274 FOR |
| Source of classification or shelving scheme | Dewey Decimal Classification |
| Withdrawn status | Item status | Source of classification or shelving scheme | Damaged status | Not for loan | Home library | Current library | Shelving location | Date acquired | Source of acquisition | Total Checkouts | Total Renewals | Full call number | Barcode | Date last seen | Date last borrowed | Koha item type |
|---|---|---|---|---|---|---|---|---|---|---|---|---|---|---|---|---|
| Dewey Decimal Classification | Central Library | Central Library | First floor | 10/10/2010 | Purchase | 1 | 9 | 323.119274 FOR | 000032968 | 15/07/2025 | 15/10/2018 | Book - Borrowing |